Best of George Benson-The Instrumentals (Record n. 99191)

Dettagli MARC
000 -LEADER
fixed length control field 04274njm a2200553Ia 4500
001 - CONTROL NUMBER
control field F0406
003 - CONTROL NUMBER IDENTIFIER
control field IT-RoPAU
005 - DATE AND TIME OF LATEST TRANSACTION
control field 20220918181113.0
008 - FIXED-LENGTH DATA ELEMENTS--GENERAL INFORMATION
fixed length control field 131025s9999 xx 000 0 und d
040 ## - CATALOGING SOURCE
Original cataloging agency IT-RoPAU
040 ## - CATALOGING SOURCE
Transcribing agency IT-RoPAU
999 ## - SYSTEM CONTROL NUMBERS (KOHA)
Koha Dewey Subclass [OBSOLETE] n.d.
100 ## - MAIN ENTRY--PERSONAL NAME
Personal name AA.VV.
9 (RLIN) 794
100 ## - MAIN ENTRY--PERSONAL NAME
Relator term Autore musica
9 (RLIN) 32131
100 ## - MAIN ENTRY--PERSONAL NAME
Miscellaneous information Codice autore musica SPICS: 12000
9 (RLIN) 796
245 ## - TITLE STATEMENT
Title Best of George Benson-The Instrumentals
250 ## - EDITION STATEMENT
Edition statement 1a ed.
260 ## - PUBLICATION, DISTRIBUTION, ETC. (IMPRINT)
Place of publication, distribution, etc. USA
260 ## - PUBLICATION, DISTRIBUTION, ETC. (IMPRINT)
Name of publisher, distributor, etc. WARNER BROS RECORDS
300 ## - PHYSICAL DESCRIPTION
Extent COMPACT DISC
300 ## - PHYSICAL DESCRIPTION
Dimensions 58 minuti (Testo: pag.)
500 ## - GENERAL NOTE
General note Musica strumentale.
505 ## - FORMATTED CONTENTS NOTE
Formatted contents note My Heart Is Dancing (6:00) - Breezin' (6:00) - Mimosa (7:00) - Dinorah, Dinorah (4:00) - Being With You (4:00) - Valdez In the Country (5:00) - Affirmation (7:00) - Tenderly (4:00) - We All Remember Wes (6:00) - Weekend In L.A. (8:00) - That's Right (5:00)
511 ## - PARTICIPANT OR PERFORMER NOTE
Participant or performer note Tratto da "Love Remembers" Benson George: chit; Whalum Kirk: sax; Brecker Randy: flugelhorn; Laws Hubert: fl; James Bob: p; Tee Richard: electric p; Washington Freddie: bass; Hakim Omar: perc; Risenhoover Max: synthesizer, progr
511 ## - PARTICIPANT OR PERFORMER NOTE
Participant or performer note Tratto da "Breezin'" Benson George: chit; Dalto Jorge: electric piano solo, clavinet, acousticp; Foster Ronnie: elec p, mini-moog; Upchurch Phil: chit ritmica, basso; Mason Harvey: batt; Macdonald Ralph: perc
511 ## - PARTICIPANT OR PERFORMER NOTE
Participant or performer note Tratto da "Collaboration" Benson George: chit elet; Klugh Earl: chit classica; Philinganes Greg: synth; Jackson Paul: chit ritmica; Miller Marcus: bass; Mason Harvey: batt; Da Costa Paulinho: perc; Williams Larry: arr, tromba
511 ## - PARTICIPANT OR PERFORMER NOTE
Participant or performer note Tratto da "Give Me the Night" Benson George: chit, scat vocals; Fischer Claire: p acustico, p elettrico; Philinganes Greg: p elettrico; Hancock Herbie: synth; Johnson Louis: bass; Robinson John: batt; Da Costa Paulinho: perc; Hey Jerry: tr; Hutchcroft Kim, Williams Larry: sax, f; Austin Patti: voc
511 ## - PARTICIPANT OR PERFORMER NOTE
Participant or performer note Tratto da "In Your Eyes" Benson George: chit; Buchanan Robbie: electric piano; Jackson Paul Jr: chit rit; Jackson Anthony: bass; Vega Carlos: batt; Mardin Arif: string, arr
511 ## - PARTICIPANT OR PERFORMER NOTE
Participant or performer note Tratto da "In Flight" Benson George: chit; Dalto Jorge: clavinet e p acust; Foster Ronnie: p elet, mini-moog; Upchurch Phil: chit rit, bass; Mason Harvey: batt; MacDonald Ralph: perc
511 ## - PARTICIPANT OR PERFORMER NOTE
Participant or performer note Tratto da "Breezin'" Benson George: chit; Dalto Jorge: p elet, clavinet, p acust; Foster Ronnie: p elet, mini-moog; Upchurch Phil: chit rit; Banks Stanley: bass; Mason Harvey: batt; MacDonald Ralph: perc
511 ## - PARTICIPANT OR PERFORMER NOTE
Participant or performer note Tratto da "Tenderly" Benson George: chit
511 ## - PARTICIPANT OR PERFORMER NOTE
Participant or performer note Tratto da "Weekend In L.A" Benson George: chit; Dalto Jorge: p acust, tast; Foster Ronnie: tast; Upchurch Phil: chit rit; Banks Stanley: bass; Mason Harvey: batt; MacDonald Ralph: perc
511 ## - PARTICIPANT OR PERFORMER NOTE
Participant or performer note Benson George: chit; Peterson Ricky: tast, organo; Peterson Paul: chit rit, bass; Bland Michael: batt
650 ## - SUBJECT ADDED ENTRY--TOPICAL TERM
Topical term or geographic name as entry element STRUMENTALE [COMPACT DISC]
Relator term Codice MATERIA SPICS: 9949
9 (RLIN) 32132
700 ## - ADDED ENTRY--PERSONAL NAME
Personal name Benson George
Miscellaneous information Codice interprete SPICS: 16186
Relator term Interprete
9 (RLIN) 32133
700 ## - ADDED ENTRY--PERSONAL NAME
Personal name Hakim Omar
Miscellaneous information Codice autore musica SPICS: 50221
Relator term Autore musica
Name of part/section of a work My Heart Is Dancing - Being With You
9 (RLIN) 32134
700 ## - ADDED ENTRY--PERSONAL NAME
Personal name Womack Bobby
Miscellaneous information Codice autore musica SPICS: 50222
Relator term Autore musica
Name of part/section of a work Breezin'
9 (RLIN) 32135
700 ## - ADDED ENTRY--PERSONAL NAME
Personal name Benson George
Miscellaneous information Codice autore musica SPICS: 16186
Relator term Autore musica
Name of part/section of a work Mimosa - Weekend In L.A.
9 (RLIN) 32136
700 ## - ADDED ENTRY--PERSONAL NAME
Personal name Lins Ivan
Miscellaneous information Codice autore musica SPICS: 29890
Relator term Autore musica
Name of part/section of a work Dinorah, Dinorah
9 (RLIN) 32137
700 ## - ADDED ENTRY--PERSONAL NAME
Personal name Martins V.
Miscellaneous information Codice autore SPICS: 15592
Relator term Autore
Name of part/section of a work Dinorah, Dinorah
9 (RLIN) 32138
700 ## - ADDED ENTRY--PERSONAL NAME
Personal name Hathaway Donnie
Miscellaneous information Codice autore musica SPICS: 50223
Relator term Autore musica
Name of part/section of a work Valdez In the Country
9 (RLIN) 32139
700 ## - ADDED ENTRY--PERSONAL NAME
Personal name Feliciano José
Miscellaneous information Codice autore musica SPICS: 14492
Relator term Autore musica
Name of part/section of a work Affirmation
9 (RLIN) 32140
700 ## - ADDED ENTRY--PERSONAL NAME
Personal name Gross Walter
Miscellaneous information Codice autore musica SPICS: 15709
Relator term Autore musica
Name of part/section of a work Tenderly
9 (RLIN) 32141
700 ## - ADDED ENTRY--PERSONAL NAME
Personal name Lawrence Jack
Miscellaneous information Codice autore SPICS: 15708
Relator term Autore
Name of part/section of a work Tenderly
9 (RLIN) 32142
700 ## - ADDED ENTRY--PERSONAL NAME
Personal name Wonder (Stevie) St.
Miscellaneous information Codice autore musica SPICS: 11163
Relator term Autore musica
Name of part/section of a work We All Remember Wes
9 (RLIN) 32143
700 ## - ADDED ENTRY--PERSONAL NAME
Personal name White
Miscellaneous information Codice autore musica SPICS: 23106
Relator term Autore musica
Name of part/section of a work That's Right
9 (RLIN) 32144
700 ## - ADDED ENTRY--PERSONAL NAME
Personal name Smith
Miscellaneous information Codice autore SPICS: 20145
Relator term Autore
Name of part/section of a work That's Right
9 (RLIN) 32145
942 ## - ADDED ENTRY ELEMENTS (KOHA)
Koha item type CD AUDIO
Source of classification or shelving scheme Dewey Decimal Classification
Dati di copia
Withdrawn status Lost status Damaged status Not for loan Home library Current library Date acquired Total Checkouts Full call number Date last seen Price effective from Koha item type Public note
    Buone Condizioni Not For Loan SPICS-MEDIATECA SPICS-MEDIATECA 25/10/2013   F0406 25/10/2013 25/10/2013 CD AUDIO Progr. Ins.: 2995 / N.Vol.: 1 / Copie: 1 - Copia rara: n.d. / date import: 01.01.2014 - By Epidotti, Trombetti, Vaglietti
CREDITS: SOCIETA' SAN PAOLO Via A.Severo, 58 - ROMA (RM) & PERIODICI SAN PAOLO SRL Via Giotto, 36 MILANO & CISF Via Giotto, 36 MILANO & EDIZIONI SAN PAOLO SRL,  Piazza Soncino, 5 CINISELLO BALSAMO (MI) -- ITALY